Derecho del consumo Introduccin̤ al derecho del consumo /

Detalles Bibliográficos
Autor principal: Varn̤ Palomino, Juan Carlos
Otros Autores: Rengifo Gardeazb̀al, Mauricio, Peą Bennett, Fernando
Formato: eBook
Lenguaje:español
Publicado: Bogot:̀ Universidad de Los Andes (Colombia), 2022
Materias:
Acceso en línea:Acceso restringido

MARC

LEADER 00000nam a22000007a 4500
005 20221013221054.0
007 cr|||| ||||
008 221013s2022 co |||||s|||| 00||0 spa d
020 |a 978-958-798-285-5 
035 |a 37406 
040 |a vLex 
090 |c 14031  |d 14031 
100 1 |a Varn̤ Palomino, Juan Carlos 
245 1 0 |a Derecho del consumo  |h [Recurso electrn̤ico] :  |b Introduccin̤ al derecho del consumo /  |c Juan Carlos Varn̤ Palomino, Mauricio Rengifo Gardeazb̀al, Fernando Peą Bennett 
256 |a Servicio en ln̕ea 
260 |a Bogot:̀  |b Universidad de Los Andes (Colombia),  |c 2022 
300 |a 1 recurso electrn̤ico 
506 1 |a Disponible solo en los productos indicados  |d vLex Global  |d vLex Global (Academic Edition, excluding Law Schools)  |d vLex Global (U.S. Academic Edition, Law Schools)  |d vLex Global (U.S. Academic Edition, excluding Law Schools)  |d vLex Global (Academic Edition, Law Schools) 
650 0 4 |a Derecho Civil  |z Colombia 
700 1 |a Rengifo Gardeazb̀al, Mauricio 
700 1 |a Peą Bennett, Fernando 
740 0 |a vLex Libros (Servicio en ln̕ea) 
856 4 0 |u https://app.vlex.com/#/sources/37406  |z Acceso restringido 
942 |c BOOK 
999 0 |a Civil Law